000 00460nam a2200181Ia 4500
008 180921t1958 xxu||||| |||| 00| 0 sin d
041 _asin
080 _a
_b-
100 _aLiyanaarachchi, K.H.
245 _aලෝහ කර්මාන්තය
246 _aLoha karmaanthaya
260 _bEducation departmment
_c1958
300 _a261p., ill., 22 cm
650 _aMetal
942 _cBK
999 _c16536
_d16536
003 LK-CoDNM
040 _aLK-CoDNM
_dLK-CoDNM
_eLK-CoDNM